[Event "EU Union-ch U14"]
[Site "Kouty nad Desnou"]
[Date "2023.08.21"]
[Round "6"]
[White "Auribault, Louis"]
[Black "Srba, Daniel"]
[Result "1/2-1/2"]
[WhiteElo "2084"]
[BlackElo "1571"]
[PlyCount "95"]
[EventDate "2023.08.16"]
[EventType "swiss"]
[EventRounds "9"]
[EventCountry "CZE"]
[SourceTitle "EXT 2024"]
[Source "ChessBase"]
[SourceDate "2023.10.10"]
[SourceVersion "1"]
[SourceVersionDate "2023.10.10"]
[SourceQuality "1"]

1. e4 c5 2. Nf3 g6 3. c3 Bg7 4. d4 cxd4 5. cxd4 d5 6. e5 Nc6 7. h3 Nh6 8. Bb5 Bd7 9. Bxc6 bxc6 10. 0-0 0-0 11. Nc3 f6 12. Re1 Rb8 13. Na4 fxe5 14. Nxe5 Bxe5 15. Bxh6 Bg7 16. Bxg7 Kxg7 17. Qe2 Rf7 18. Nc5 Rb6 19. Qe5+ Kg8 20. b3 Bc8 21. Re3 Qd6 22. Qg5 Kg7 23. Rae1 h6 24. Qh4 g5 25. Qh5 Qf6 26. Rf3 Qg6 27. Ne6+ Bxe6 28. Qxg6+ Kxg6 29. Rxe6+ Rf6 30. Rxe7 Rxf3 31. gxf3 Ra6 32. Re6+ Kh5 33. a4 Rb6 34. Re3 a5 35. Rc3 Kg6 36. Kg2 h5 37. Rc5 Kf5 38. Rxa5 Rxb3 39. Rc5 Rb6 40. Rc3 Rb4 41. a5 Rxd4 42. Rxc6 Ra4 43. a6 d4 44. Kf1 d3 45. Ke1 Kf4 46. Rf6+ Ke5 47. Rh6 Kf4 48. Rf6+ 1/2-1/2

[Event "CZE-ch U14"]
[Site "Teplice"]
[Date "2023.03.11"]
[Round "1"]
[White "Popov, Roman4"]
[Black "Srba, Daniel"]
[Result "1-0"]
[WhiteElo "1764"]
[BlackElo "1509"]
[PlyCount "63"]
[EventDate "2023.03.11"]
[EventType "swiss"]
[EventRounds "9"]
[EventCountry "CZE"]
[SourceTitle "CBM 213 Extra"]
[Source "ChessBase"]
[SourceDate "2023.05.31"]
[SourceVersion "1"]
[SourceVersionDate "2023.05.31"]
[SourceQuality "1"]

1. d4 d5 2. c4 e6 3. Nc3 Nf6 4. cxd5 exd5 5. Bg5 Be7 6. e3 0-0 7. Bd3 c6 8. Qc2 Nbd7 9. Nge2 Re8 10. 0-0 Ne4 11. Bf4 Nef6 12. Nb5 Rf8 13. Bc7 Qe8 14. Nd6 Bxd6 15. Bxd6 Qe6 16. Bxf8 Nxf8 17. Ng3 g6 18. Rac1 Qg4 19. Qe2 Qh4 20. f3 Bd7 21. Qe1 Qh6 22. Qf2 Ne6 23. Bb1 Rf8 24. Rcd1 Rd8 25. a3 Bc8 26. Ba2 Rf8 27. e4 Nf4 28. e5 N6h5 29. Qd2 Qg5 30. Nxh5 gxh5 31. g3 h4 32. Qxf4 1-0

[Event "EU Union-ch U12"]
[Site "Pec pod Snezkou"]
[Date "2022.08.28"]
[Round "7"]
[White "Srba, Daniel"]
[Black "Grunert, Greta"]
[Result "1-0"]
[WhiteElo "1355"]
[BlackElo "1103"]
[PlyCount "109"]
[EventDate "2022.08.22"]
[EventType "swiss"]
[EventRounds "9"]
[EventCountry "CZE"]
[SourceTitle "EXT 2023"]
[Source "ChessBase"]
[SourceDate "2022.10.05"]
[SourceVersion "1"]
[SourceVersionDate "2022.10.05"]
[SourceQuality "1"]

1. e4 e5 2. Nf3 Nc6 3. Bc4 Nf6 4. Ng5 d5 5. exd5 Na5 6. Bb5+ c6 7. dxc6 bxc6 8. Qf3 Rb8 9. Bd3 Bd7 10. 0-0 Bc5 11. Ne4 Nxe4 12. Qxe4 Qg5 13. Re1 Bd6 14. f4 Qf6 15. Kh1 Rb4 16. c4 Be6 17. fxe5 Bxe5 18. Qxe5 Qxe5 19. Rxe5 Nxc4 20. Bxc4 Rxc4 21. Nc3 Rf4 22. Re1 0-0 23. d3 Rf5 24. Be3 a6 25. Rac1 Rd8 26. Red1 Re8 27. Ne4 Ra8 28. Rxc6 Bxa2 29. Ra1 Bd5 30. Rcxa6 Rxa6 31. Rxa6 Rf1+ 32. Bg1 f5 33. Ng5 h6 34. Rd6 hxg5 35. Rxd5 Kf7 36. b4 Ke6 37. Rc5 Rb1 38. b5 g4 39. b6 Kd6 40. Rxf5 Kc6 41. Rg5 Kd6 42. Rxg4 Kc6 43. Rxg7 Kd6 44. h4 Ke6 45. h5 Kf6 46. Rg3 Kf5 47. h6 Kf4 48. Rg8 Kf5 49. h7 Kf4 50. h8Q Rxb6 51. Bxb6 Kf5 52. Qh5+ Kf6 53. Rg6+ Kf7 54. Qh7+ Kf8 55. Rg8# 1-0

[Event "EU Union-ch U12"]
[Site "Kouty nad Desnou"]
[Date "2021.08.19"]
[Round "6.8"]
[White "Srba, Daniel"]
[Black "Vana, Jan1"]
[Result "0-1"]
[WhiteElo "1241"]
[BlackElo "1540"]
[PlyCount "56"]
[EventDate "2021.08.14"]
[EventType "swiss"]
[EventRounds "9"]
[EventCountry "CZE"]
[SourceTitle "EXT 2022"]
[Source "ChessBase"]
[SourceDate "2021.10.06"]
[SourceVersion "1"]
[SourceVersionDate "2021.10.06"]
[SourceQuality "1"]

1. e4 c5 2. Nf3 Nc6 3. d4 cxd4 4. Nxd4 Nf6 5. Nc3 e5 6. Ndb5 d6 7. Nd5 Nxd5 8. exd5 Ne7 9. c4 Ng6 10. Be2 Be7 11. 0-0 a6 12. Nc3 f5 13. Bh5 Bd7 14. Bd2 0-0 15. Qe2 Bg5 16. Bxg6 hxg6 17. f4 Bf6 18. fxe5 Bxe5 19. Bf4 Re8 20. Qd2 Rc8 21. Bxe5 dxe5 22. b3 e4 23. Rfe1 Qf6 24. Rac1 g5 25. g3 e3 26. Rxe3 Qb6 27. c5 Qxc5 28. Nd1 Qb6 0-1

[Event "EU Union-ch U10"]
[Site "Kouty nad Desnou"]
[Date "2020.08.15"]
[Round "2"]
[White "Srba, Daniel"]
[Black "Buchtova, Viktorie"]
[Result "1-0"]
[WhiteElo "1118"]
[BlackElo "1447"]
[PlyCount "109"]
[EventDate "2020.08.14"]
[EventType "swiss"]
[EventRounds "9"]
[EventCountry "CZE"]
[SourceTitle "EXT 2021"]
[Source "ChessBase"]
[SourceDate "2020.10.23"]
[SourceVersion "1"]
[SourceVersionDate "2020.10.23"]
[SourceQuality "1"]

1. e4 c5 2. Nf3 d6 3. d4 cxd4 4. Nxd4 Nf6 5. Nc3 g6 6. Bc4 Bg7 7. Be3 0-0 8. 0-0 Ng4 9. Qd2 Nxe3 10. Qxe3 Qb6 11. Ndb5 Qxe3 12. fxe3 Na6 13. Rf2 b6 14. Raf1 Be6 15. Nd5 Kh8 16. Nxd6 exd6 17. Bxa6 Bh6 18. Rf3 Rae8 19. Bc4 Bg7 20. b3 Rc8 21. R1f2 Rcd8 22. a4 Be5 23. Kf1 Rd7 24. g3 Bg4 25. Nf6 Bh3+ 26. Kg1 Rb7 27. Ba6 Rc7 28. g4 Bxf6 29. Rxf6 Bxg4 30. Rxd6 Bh3 31. Bc4 Rc5 32. Rd5 Rc7 33. a5 bxa5 34. Rxa5 Rd8 35. Rd5 Re8 36. Rd4 Re5 37. Bxf7 Rg5+ 38. Kh1 Bg2+ 39. Rxg2 Rxg2 40. Kxg2 Rxf7 41. c4 Rb7 42. c5 Rxb3 43. Rc4 Rb7 44. Kf3 Kg7 45. Kf4 Kf6 46. e5+ Ke6 47. Ke4 Rc7 48. c6 a5 49. Kd4 h6 50. Kc5 Ke7 51. Kb6 Kd8 52. e6 Kc8 53. Re4 Re7 54. c7 a4 55. Kc6 1-0

[Event "CZE-ch U10"]
[Site "Kouty nad Desnou"]
[Date "2020.03.07"]
[Round "1"]
[White "Srba, Daniel"]
[Black "Alidis, Myron"]
[Result "0-1"]
[WhiteElo "1145"]
[BlackElo "1395"]
[PlyCount "74"]
[EventDate "2020.03.07"]
[EventType "swiss"]
[EventRounds "7"]
[EventCountry "CZE"]
[SourceTitle "CBM 195 Extra"]
[Source "ChessBase"]
[SourceDate "2020.05.31"]
[SourceVersion "1"]
[SourceVersionDate "2020.05.31"]
[SourceQuality "1"]

1. e4 c5 2. Nf3 e6 3. d4 cxd4 4. Nxd4 Nf6 5. Nc3 d6 6. Bg5 Be7 7. Bb5+ Bd7 8. Bxd7+ Qxd7 9. 0-0 0-0 10. Re1 Nc6 11. Nxc6 Qxc6 12. Qd2 Rfd8 13. Rad1 d5 14. e5 Ne4 15. Nxe4 dxe4 16. Qc1 Bxg5 17. Qxg5 Rxd1 18. Rxd1 h6 19. Qd2 Rc8 20. c3 Qa4 21. Qd7 Rc6 22. a3 Qc2 23. Qd2 Qxd2 24. Rxd2 Rc5 25. Re2 Rxe5 26. f4 Rb5 27. b4 f5 28. h3 h5 29. Rd2 Rd5 30. Re2 Rd3 31. Rc2 Rd1+ 32. Kf2 Ra1 33. Rd2 Rxa3 34. Rd8+ Kh7 35. Rd7 Rxc3 36. Rxb7 Rc2+ 37. Ke3 Rxg2 0-1